01247 2200481 4500001002100000005001500021035002000036245010600056100001400162250000600176300003500182700000900217260004200226082001100268084001800279020002200297650002100319990001700340990001700357990001700374990001700391990001700408990001700425990001700442990001700459990001700476990001700493990001700510990001700527990001700544990001700561990001700578990001700595990001700612990001700629990001700646990001700663990001700680990001700697990001700714990001700731990001700748INLIS00000000000002420180724103423 a0010-07180000241 aAl-Luqah Al-'Arabiyyah Lil Atfal :bPercakapan Bahasa Inggris Untuk Pemula /cD. Astuti, Editor, Nuni0 aD. Astuti a- aiv, 44 hlm. :bilus. ;c25 cm.0 aNuni aBandung :bPT Sandiarta Sukses,c2009 a492.75 a492.75 AST a a978-602-8147-73-6 aTata Bahasa Arab a00093/P/2018 a00094/P/2018 a00095/P/2018 a00096/P/2018 a00097/P/2018 a00094/P/2018 a00093/P/2018 a00095/P/2018 a00096/P/2018 a00097/P/2018 a00097/P/2018 a00093/P/2018 a00094/P/2018 a00095/P/2018 a00096/P/2018 a00093/P/2018 a00094/P/2018 a00095/P/2018 a00096/P/2018 a00097/P/2018 a00095/P/2018 a00093/P/2018 a00094/P/2018 a00096/P/2018 a00097/P/2018